One Gets the Lot: Emmy Series Quiz Stats

 Plays Quiz not verified by Sporcle

Support Sporcle.
Go Orange.
Score 0/84 Timer 03:00
0 Plays Today
Decade Emmy winner % Correct
1990s ComedyMurphy Brown
86%
1990s ComedyCheers
86%
1990s ComedySeinfeld
86%
1990s ComedyFrasier
86%
1990s ComedyAlly McBeal
86%
2000s ComedyWill & Grace
84.8%
2000s ComedySex and the City
84.8%
2000s ComedyFriends
84.8%
2000s ComedyEverybody Loves Raymond
84.8%
2000s ComedyArrested Development
84.8%
2000s ComedyThe Office
84.8%
2000s Comedy30 Rock
84.8%
1970s ComedyMy World and Welcome To It
83.3%
1970s ComedyAll in the Family
83.3%
1970s ComedyM*A*S*H
83.3%
1970s ComedyThe Mary Tyler Moore Show
83.3%
1970s ComedyTaxi
83.3%
1980s ComedyTaxi
82.3%
1980s ComedyBarney Miller
82.3%
1980s ComedyCheers
82.3%
1980s ComedyThe Cosby Show
82.3%
1980s ComedyThe Golden Girls
82.3%
1980s ComedyThe Wonder Years
82.3%
1990s DramaThe Practice
76.5%
1990s DramaLaw & Order
76.5%
1990s DramaER
76.5%
1990s DramaNYPD Blue
76.5%
1990s DramaPicket Fences
76.5%
Decade Emmy winner % Correct
1990s DramaNorthern Exposure
76.5%
1990s DramaL.A. Law
76.5%
1950s ComedyThe Red Skelton Show
71.1%
1950s ComedyI Love Lucy
71.1%
1950s ComedyMake Room For Daddy
71.1%
1950s ComedyThe Phil Silvers Show
71.1%
1950s ComedyCaesar's Hour
71.1%
1950s ComedyThe Jack Benny Program
71.1%
2000s DramaMad Men
67.9%
2000s Drama24
67.9%
2000s DramaLost
67.9%
2000s DramaThe Sopranos
67.9%
2000s DramaThe West Wing
67.9%
2010s DramaThe Handmaid's Tale
66.5%
2010s DramaGame of Thrones
66.5%
2010s DramaBreaking Bad
66.5%
2010s DramaHomeland
66.5%
2010s DramaMad Men
66.5%
2010s ComedyModern Family
61.3%
2010s ComedyVeep
61.3%
2010s ComedyThe Marvelous Mrs. Maisel
61.3%
2010s ComedyFleabag
61.3%
1980s Dramathirtysomething
54.8%
1980s DramaL.A. Law
54.8%
1980s DramaCagney & Lacey
54.8%
1980s DramaHill Street Blues
54.8%
1980s DramaLou Grant
54.8%
1960s ComedyThe Art Carney Special
48.3%
Decade Emmy winner % Correct
1960s ComedyThe Jack Benny Program
48.3%
1960s ComedyThe Bob Newhart Show
48.3%
1960s ComedyThe Dick Van Dyke Show
48.3%
1960s ComedyThe Monkees
48.3%
1960s ComedyGet Smart
48.3%
1950's DramaPlayhouse 90
42.2%
1950's DramaGunsmoke
42.2%
1950's DramaProducer's Showcase
42.2%
1950's DramaThe U.S. Steel Hour
42.2%
1950's DramaRobert Montgomery Presents
42.2%
1950's DramaStudio One
42.2%
1950's DramaPulitzer Prize Playhouse
42.2%
1970s DramaLou Grant
32.7%
1970s DramaThe Rockford Files
32.7%
1970s DramaPolice Story
32.7%
1970s DramaUpstairs, Downstairs
32.7%
1970s DramaThe Waltons
32.7%
1970s DramaElizabeth R
32.7%
1970s DramaThe Bold Ones
32.7%
1970s DramaMarcus Welby, M.D.
32.7%
2020s ComedySchitt's Creek
27.3%
1960s DramaNET Playhouse
16.6%
1960s DramaMission Impossible
16.6%
1960s DramaThe Fugitive
16.6%
1960s DramaThe Defenders
16.6%
1960s DramaHallmark Hall of Fame
16.6%
1960s DramaPlayhouse 90
16.6%
2020s DramaSuccession
10.2%

You're not logged in!

Compare scores with friends on all Sporcle quizzes.
OR
Log In

From the Vault

Build-a-Painting

by petenge

Well if you're trying to construct your painting with bricks and concrete, that might be your first problem.
Remove Ads.
Support Sporcle.
Get the best of Sporcle when you Go Orange. This ad-free experience offers more features, more stats, and more fun while also helping to support Sporcle. Thank you for becoming a member.

Show Comments

Extras

Top Quizzes Today


Score Distribution

Your Account Isn't Verified!

In order to create a playlist on Sporcle, you need to verify the email address you used during registration. Go to your Sporcle Settings to finish the process.

Report this User

Report this user for behavior that violates our Community Guidelines.

Details: